000 00204 a2200097 4500
020 _a9780794541774
041 _aeng
100 _aPunter, Rusell
245 _aDoctor foster went to cloucester
942 _cBK
999 _c31647
_d31645